Chị Minh Khai Truyện ký

সংরক্ষণ করুন:
গ্রন্থ-পঞ্জীর বিবরন
প্রধান লেখক: Nguyệt Tú
বিন্যাস: গ্রন্থ
প্রকাশিত: Hà Nội Phụ nữ Việt Nam 2020
সংস্করন:Tái bản
বিষয়গুলি:
ট্যাগগুলো: ট্যাগ যুক্ত করুন
কোনো ট্যাগ নেই, প্রথমজন হিসাবে ট্যাগ করুন!
Thư viện lưu trữ: Trung tâm Học liệu Lê Vũ Hùng, Trường Đại học Đồng Tháp
LEADER 00848pam a22002658a 4500
001 00046246
005 20210120150123.0
008 110510s1980 ||||||Viesd
020 # # |a 9786045684900  |c 0 
041 0 # |a Vie 
082 1 4 |a 895.922 803  |b CH300M 
100 0 # |a Nguyệt Tú 
245 0 0 |a Chị Minh Khai  |b Truyện ký  |c Nguyệt Tú 
250 # # |a Tái bản 
260 # # |a Hà Nội  |b Phụ nữ Việt Nam  |c 2020 
300 # # |a 156 tr.  |c 21 cm 
650 # 4 |a Văn học Việt Nam 
653 # # |a Chính trị gia 
653 # # |a Cuộc đời 
653 # # |a Hoạt động cách mạng 
653 # # |a Truyện ký 
653 # # |a Văn học Việt Nam 
852 # # |j KM.0034937  |j KD.0027749  |j KM.0034936 
910 0 # |d 20/01/2021 
980 # # |a Trung tâm Học liệu Lê Vũ Hùng, Trường Đại học Đồng Tháp